000 00438nam a2200157 4500
001 144212
003 ES-MaACL
005 20230906200952.0
007 t|
008 070214s1928 fr r ||||1| fre d
100 1 _aSierpinski, Waclaw.
_9106239
245 1 0 _aLeçons sur les nombres transfinis /
_cWaclaw Sierpinski.
260 _aParis :
_bGauthier Villars et Co.,
_c1928.
300 _a240 p. ;
_c25 cm.
852 _aES-MaACL
_jA-4294
999 _c144212
_d144212